Normal view
MARC view
Entry Corporate Name
001 - CONTROL NUMBER
- control field: 65808
003 - CONTROL NUMBER IDENTIFIER
- control field: OSt
005 - DATE AND TIME OF LATEST TRANSACTION
- control field: 20260128092849.0
008 - FIXED-LENGTH DATA ELEMENTS
- fixed length control field: 260128|| aca||aabn | a|a d
040 ## - CATALOGING SOURCE
- Original cataloging agency: OSt
- Transcribing agency: OSt
110 ## - HEADING--CORPORATE NAME
- Corporate name or jurisdiction name as entry element: ၸဝ်ႈၶူးထမ်ႇမသႃႇမီးၶမ်း ၽူႈၼမ်းထတ်း-
670 ## - SOURCE DATA FOUND
- Source citation: Work cat.: (OSt)6269: ၶၢဝ်းတၢင်းႁဝ်းသိပ်းပီ, 2000